Normal view
MARC view
- Pearl S. Buck
Entry Personal Name
001 - CONTROL NUMBER
- control field: 112683
003 - CONTROL NUMBER IDENTIFIER
- control field: NUST
005 - DATE AND TIME OF LATEST TRANSACTION
- control field: 20230526112235.0
008 - FIXED-LENGTH DATA ELEMENTS
- fixed length control field: 230526|| aca||aabn | a|a d
040 ## - CATALOGING SOURCE
- Original cataloging agency: NUST
- Transcribing agency: NUST
100 ## - HEADING--PERSONAL NAME
- Personal name: Pearl S. Buck
670 ## - SOURCE DATA FOUND
- Source citation: Work cat.: (NUST)185997: Pearl S. Buck, Today and forevre, 1950
